00487nam a2200145Ia 4500008004100000020001800041040002900059050002400088100002200112245003600134260003100170942000700201952011800208999001500326221221s9999 xx 000 0 und d a0-07-301837-6 cChuka University Library aHF 5686 bM34 2006  aMaher, Michael W. 0aFundamentals of cost accounting aMcgraw hill bBostonc2006 cBK 001040708LGLaCHKbCHKcGENd2022-12-21l0oHF 5686 .M34 2006 p4039/2009r2022-12-21 00:00:00w2022-12-21yBK c3723d3723